000
00207 a2200109 4500
020
_a
1572576006
041
_a
spa
100
_a
King, Susan
245
_a
Mi abuelito roncaba
942
_c
BK
999
_c
29592
_d
29590
999
_d
29590